Personaggi di fantasia - G - - Statistics

Statistiche generali
  • Questo quiz è stato fatto 3.313 volte
  • Il punteggio medio è 12 su 20
Statistiche sulle risposte
con Immagini Risposta % Corretto
Grinch
96%
Garfield
95%
Topo {Gigio}
95%
Gargamella
93%
Geronimo Stilton
93%
Geppetto
92%
Godzilla
79%
Gollum
78%
Gandalf
77%
Groot
71%
Gongolo
66%
Goblin
64%
Gaston
56%
Gretel
55%
Galadriel
27%
George Mcfly
24%
Gromit
18%
Gaylord Focker
17%
Grace Adler
15%
Gordon Gekko
10%
Nessun quiz corrispondente trovato
Distribuzione punteggi
Percentuale di utenti per punteggio
Percentile per numero di risposta
I tuoi punteggi nel tempo
Non hai fatto questo quiz